Bharatiya prasashan (Record no. 8636)

MARC details
000 -LEADER
fixed length control field 00544cam a2200217ua 4500
001 - CONTROL NUMBER
control field 9616
005 - DATE AND TIME OF LATEST TRANSACTION
control field 20260515114511.0
008 - FIXED-LENGTH DATA ELEMENTS--GENERAL INFORMATION
fixed length control field 160310n ii |||gr||||Z||||||asm
040 ## - CATALOGING SOURCE
Transcribing agency MAIN
041 ## - LANGUAGE CODE
Language code of text/sound track or separate title asm
082 ## - DEWEY DECIMAL CLASSIFICATION NUMBER
Classification number 351.54
100 ## - MAIN ENTRY--PERSONAL NAME
Personal name Gogoi, Purandar,
Relator term Author.
245 1# - TITLE STATEMENT
Title Bharatiya prasashan
Statement of responsibility, etc. by Purandar Gogoi
250 ## - EDITION STATEMENT
Edition statement 2nd ed.
260 ## - PUBLICATION, DISTRIBUTION, ETC.
Place of publication, distribution, etc. Dibrugarh:
Name of publisher, distributor, etc. Banalata,
Date of publication, distribution, etc. 2016.
300 ## - PHYSICAL DESCRIPTION
Extent 226p.
653 ## - INDEX TERM--UNCONTROLLED
Uncontrolled term Public administration
653 ## - INDEX TERM--UNCONTROLLED
Uncontrolled term Indian administration
653 ## - INDEX TERM--UNCONTROLLED
Uncontrolled term Public administration in India
942 ## - ADDED ENTRY ELEMENTS (KOHA)
Koha item type Books
Holdings
Withdrawn status Lost status Damaged status Not for loan Home library Current library Shelving location Date acquired Total checkouts Full call number Barcode Date last seen Date last checked out Copy number Price effective from Koha item type
        Naharkatiya College Library Naharkatiya College Library General stacks 09/19/2020 4 351.54 | GOG 23165 04/25/2022 04/22/2022 2 09/19/2020 Books
        Naharkatiya College Library Naharkatiya College Library General stacks 09/19/2020 3 351.54 | GOG 23166 04/27/2022 01/07/2022 1 09/19/2020 Books